General Principles of Criminal Law (Record no. 51035)

MARC details
000 -LEADER
fixed length control field 00992nam a22002657a 4500
005 - DATE AND TIME OF LATEST TRANSACTION
control field 20110312164026.0
008 - FIXED-LENGTH DATA ELEMENTS--GENERAL INFORMATION
fixed length control field 110312t xxu||||| |||| 00| 0 eng d
010 ## - LCCN (DPL NO)
LC control number B-422623
020 ## - INTERNATIONAL STANDARD BOOK NUMBER
International Standard Book Number 9788170129646
Terms of availability 335.00
035 ## - SYSTEM CONTROL NUMBER
System control number B-422623
037 ## - SOURCE OF ACQUISITION
Stock number UBH
Source of stock number/acquisition RP/BL-4
040 ## - CATALOGING SOURCE
Original cataloging agency dpl
050 ## - LIBRARY OF CONGRESS CALL NUMBER
DPL Classification number 345
082 ## - DEWEY DECIMAL CLASSIFICATION NUMBER
Classification number 345
100 ## - MAIN ENTRY--PERSONAL NAME
Personal name Pillai,K.N.Chandrasekharan
9 (RLIN) 26520
245 ## - TITLE STATEMENT
Title General Principles of Criminal Law
Statement of responsibility, etc K.N.Chandrasekharan Pillai
250 ## - EDITION STATEMENT
Edition statement 1st ed.(reprint)
260 ## - PUBLICATION, DISTRIBUTION, ETC. (IMPRINT)
Place of publication, distribution, etc Lukhnow
Name of publisher, distributor, etc Eastern Book Company
Date of publication, distribution, etc 2003
270 ## - ADDRESS
Address EBC Publishing(P) Ltd.,34-A,Lal Bagh
City Lucknow
Postal code 226005
Telephone number 0522-2626517
300 ## - PHYSICAL DESCRIPTION
Extent XVI,560p
Dimensions 23cm(pbk)
700 ## - ADDED ENTRY--PERSONAL NAME
Personal name Pillai,K.N.Chandrasekharan
9 (RLIN) 26521
942 ## - ADDED ENTRY ELEMENTS (KOHA)
Source of classification or shelving scheme Dewey Decimal Classification
Item type English Books
Holdings
Withdrawn status Lost status Source of classification or shelving scheme Damaged status Not for loan Collection code Home library Current library Shelving location Date acquired Source of acquisition Cost, normal purchase price Total Checkouts Total Renewals Full call number Barcode Date last seen Cost, replacement price Koha item type
    Dewey Decimal Classification     Non-fiction Shahdara Branch Shahdara Branch General Stacks 12/03/2011 UBH/253/15/15.2.11/4/RP/BL-4 335.00 1 1 345 PIL B-422623 05/02/2022 335.00 English Books

© Delhi Public Library
Hit Counter
free hit counter